000 00965nam a2200241Ia 4500
008 130821s2000 ck gr spa
040 _aCo-BoUCM
_bspa
041 0 0 _aspa
110 1 _aBogotá (Colombia).
_bAlcaldía Mayor
_947601
245 1 0 _aPlan de Ordenamiento Territorial POT documento técnico de soporte
_cAlcaldía de Bogotá
260 _aBogotá (Colombia)
_bAlcaldía Mayor
_c2000
300 _a461 páginas
504 _aIncluye bibliografía.
650 0 4 _aDesarrollo social
_912991
650 0 4 _aEstructura urbana
_zBogotá (Colombia)
_915154
650 0 4 _aOrdenamiento territorial
_zBogotá (Colombia)
_942393
650 0 4 _aPlan de Ordenamiento Territorial. POT (Bogotá, Colombia)
_97921
650 0 4 _aPlanificación regional
_zBogotá (Colombia)
_939262
650 0 4 _aUrbanismo
_925989
650 0 4 _aUso de la tierra
_zBogotá (Colombia)
_926021
942 _cLIBRO
_a17
_e1
_mB675p
_2DEWEY
_h711.48614
999 _c64126
_d64126